000 00374 a2200157 4500
001 186877
020 _a85-86740-02-0
040 _cMagnum
100 _aVeneza, Maurício
240 1 0 _aBruxa risoleta e o coração de cristal
_lpor
245 1 0 _aBruxa risoleta e o coração de cristal
300 _a24
362 0 _a1997
697 _aLITERATURA INFANTO
942 _cBK
999 _c186877
_d186877